000 00575nam a2200181 i 4500
001 114628
003 ES-MaACL
005 20250728191607.0
007 t|
008 070315s1915 it ||||1| ita d
100 1 _aRavegnani, Giuseppe.
_995575
245 1 3 _aIl filosofo dell'entusiasmo /
_cGiuseppe Ravegnani.
260 _aFerrara :
_bTaddei-Soati,
_c1915.
300 _a16 p. ;
_c17 cm.
600 0 4 _aRuiz, Diego,
_d1881-1959
_9100601
852 _aES-MaACL
_jArmario18
_d.- Olim: T-1421-F-4
_z.- Dedicatoria autógrafa del autor al Ateneo
999 _c114628
_d114628